Mammalian Orders - Statistics

General Stats
  • This quiz has been taken 39 times
  • The average score is 15 of 32
Answer Stats
Hint Answer % Correct
. Cetacea
94%
. Rodentia
94%
. Carnivora
90%
. Primates
90%
. Artiodactyla
87%
. Perissodactyla
77%
. Sirenia
74%
Platypus, echidnas Monotremata
71%
. Monotremata
71%
. Chiroptera
68%
. Lagomorpha
68%
. Proboscidea
58%
. Dermoptera
45%
. Hyracoidea
42%
. Cingulata
39%
. Pilosa
39%
. Didelphimorphia
35%
. Diprotodontia
35%
. Microbiotheria
35%
. Tubulidentata
35%
. Dasyuromorphia
32%
. Afrosoricida
26%
. Eulipotyphla
26%
. Macroscelidea
26%
. Pholidota
23%
. Scandentia
23%
. Peramelemorphia
19%
. Peramelemorphia
19%
. Notoryctemorphia
13%
. Paucituberculata
13%
. Erinaceomorpha
0%
. Soricomorpha
0%
No matching quizzes found
Score Distribution
Percent of People with Each Score
Percentile by Number Answered
Your Score History
You have not taken this quiz